Najbardziej utytułowane państwa w łucznictwie - Statystyki

Ogólne statystyki
  • Ten quiz został rozwiązany 28 razy
  • Średni wynik to 11 z 14
Statystyki odpowiedzi
O O O Suma Państwo % Poprawnych
40 38 35 113 Chiny
100%
11 24 18 53 Francja
100%
100 37 39 176 Korea Południowa
100%
79 52 44 175 Stany Zjednoczone
100%
7 6 7 20 Rosja
90%
13 21 31 65 Wielka Brytania
90%
13 12 13 38 Włochy
90%
18 17 13 48 Polska
80%
19 24 23 66 Szwecja
80%
16 16 12 44 Belgia
65%
7 13 12 32 Finlandia
65%
7 14 9 30 Dania
60%
15 12 7 34 Związek Radziecki
60%
7 5 9 21 Czechosłowacja
45%
Nie znaleziono quizów pasujących do podanych kryteriów
Rozkład punktacji
Procent ludzi z każdym wynikiem
Percentyl według liczby udzielonych odpowiedzi
Twoja historia wyników
Nie rozwiązałeś tego quizu